Statistieken voor Satellietbeelden - Eilandkettingen

Klik hier om de quiz te nemen!

Algemene statistieken

  • Deze quiz is 53 keer genomen
  • De gemiddelde score is 6 van 16

Antwoordstatistieken

Antwoord% Correct
Japan
91%
Filipijnen
66%
Hawaï
61%
Malta
50%
{Canarische} Eilanden
45%
Grote {Antillen}
39%
{Shetland}eilanden
39%
Fiji
36%
Faeröer
32%
{Falkland}eilanden
32%
Balearen
30%
Buiten-{Hebriden}
23%
{Galapagos}eilanden
20%
Vuurland
18%
Florida Keys
14%
Aleoeten
7%

Scoreverdeling

Percentiel versus Aantal Correcte Antwoorden

Procent van Mensen met Elke Score

Uw Scoregeschiedenis

U heeft deze quiz nog niet genomen